KOHA-Header-6

Digital Technology Principles & Practice (Record no. 992)

000 -LEADER
fixed length control field 00341nam a2200133Ia 4500
008 - FIXED-LENGTH DATA ELEMENTS--GENERAL INFORMATION
fixed length control field 190722s9999 xx 000 0 und d
020 ## - INTERNATIONAL STANDARD BOOK NUMBER
International Standard Book Number 978-81-224-3663-1
100 ## - MAIN ENTRY--PERSONAL NAME
Personal name Virendra Kumar
245 #0 - TITLE STATEMENT
Title Digital Technology Principles & Practice
250 ## - EDITION STATEMENT
Edition statement 2rd
260 ## - PUBLICATION, DISTRIBUTION, ETC. (IMPRINT)
Place of publication, distribution, etc India
Name of publisher, distributor, etc New Age international
Date of publication, distribution, etc 2015
300 ## - PHYSICAL DESCRIPTION
Extent 625
942 ## - ADDED ENTRY ELEMENTS (KOHA)
Koha item type Books
Holdings
Withdrawn status Lost status Damaged status Not for loan Collection code Permanent Location Current Location Shelving location Date acquired Full call number Barcode Date last seen Price effective from Koha item type
        Electrical Engineering MAJU MAJU Shelf No.A34 2019-07-22 621.395 7617 2019-07-22 2019-07-22 Electrical Engineering

Powered by Koha